| Record ID | ia:daffodilsordeath00dema |
| Source | Internet Archive |
| Download MARC XML | https://archive.org/download/daffodilsordeath00dema/daffodilsordeath00dema_marc.xml |
| Download MARC binary | https://www.archive.org/download/daffodilsordeath00dema/daffodilsordeath00dema_meta.mrc |
LEADER: 01090cam a22003370a 4500
001 2727249
003 SIRSI
008 830509s1983 mou 1 eng d
010 $a82011048
020 $a082620385X (pbk.)
035 $a(Sirsi) AGK-7322
035 0 $fut
035 0 $f//jv
035 $a(OCoLC)8667888
039 0 $a2$b3$c3$d3$e3
040 $aDLC$cDLC$dCaOTU
050 00 $aPS3552.L54$bD3 1983
050 4 $aPS3552L53$bD3 1983
082 0 $a813/.54$z19
090 8 $aPS 3552 .L53D3 1983$bROBA$c1
100 10 $aDemas, Corinne
245 10 $aDaffodils, or, The death of love :$bstories /$cby Corrinne Demas Bliss.
260 0 $aColumbia :$bUniversity of Missouri Press,$c1983.
300 $a103 p. ;$c21 cm. --
440 0 $aBreakthrough book$vno. 39
505 0 $aPeter Rabbit -- Eastbound platform -- Lester Schwabb -- Pizza -- Slow moose -- secrets -- Anna -- Daffodils, or, The death of love -- Lifelines.
596 $a26
740 01 $aDaffodils.
948 $a07/15/1992$b10/03/1998
598 $aNEW
926 $aROBARTS$bCHECKEDOUT$cPS3552 .L53 D3 1983$dBOOK$e8/1/2020$f1